Cartas de los secretarios del cardenal D. Fr. Francisco Jiménez de Cisneros durante su regencia de los años 1516 y 1517 / (Record no. 152989)

MARC details
000 -LEADER
campo de control de longitud fija 01471nam a2200289 i 4500
001 - NÚMERO DE CONTROL
campo de control 152989
003 - IDENTIFICADOR DE NÚMERO DE CONTROL
campo de control ES-MaACL
005 - FECHA Y HORA DE LA ÚLTIMA TRANSACCIÓN
campo de control 20251015145716.0
008 - DATOS DE LONGITUD FIJA--INFORMACIÓN GENERAL
campo de control de longitud fija 940301s1875 sp |||| | spa d
245 00 - MENCIÓN DEL TÍTULO
Título Cartas de los secretarios del cardenal D. Fr. Francisco Jiménez de Cisneros durante su regencia de los años 1516 y 1517 /
Mención de responsabilidad, etc. publicadas de Real Orden por Vicente de la Fuente.
260 ## - PUBLICACIÓN, DISTRIBUCIÓN, ETC.
Lugar de publicación, distribución, etc. Madrid :
Nombre del editor, distribuidor, etc. [s.n.],
Fecha de publicación, distribución, etc. 1875 (
Fabricante Imp. de la Sra. Viuda e Hijo de Eusebio Aguado)
300 ## - DESCRIPCIÓN FÍSICA
Extensión XIX, 299 p., [2] h. pleg. de lám. ;
Dimensiones 24 cm.
530 ## - NOTA DISPONIBLE DE FORMULARIO FÍSICO ADICIONAL
Nota de formato físico adicional disponible Disponible en formato digital.
594 ## - Nota al título y mención de responsabilidad
Nota al título y mención de responsabilidad Cartas dirigidas a D. Diego López de Ayala, secretario del cardenal Cisneros.
595 ## -
-- Este v. es la cont. de un v. publicado anteriormente con el título: "Cartas del cardenal D. Fr. Francisco Jiménez de Cisneros a D. Diego López de Ayala. Madrid : Imprenta del Colegio de Sordomudos y Ciegos, 1867"
597 ## - NOTA DE DESCRIPCIÓN FÍSICA
NOTA DE DESCRIPCIÓN FÍSICA Signaturizado.
597 ## - NOTA DE DESCRIPCIÓN FÍSICA
NOTA DE DESCRIPCIÓN FÍSICA Antep.
597 ## - NOTA DE DESCRIPCIÓN FÍSICA
NOTA DE DESCRIPCIÓN FÍSICA Port. con esc. xil.
599 ## - NOTA A LAS ILUSTRACIONES
NOTA A LAS ILUSTRACIONES Facsímil de dos cartas.
600 17 - PUNTO DE ACCESO ADICIONAL DE MATERIA--NOMBRE DE PERSONA
Nombre de persona Jiménez de Cisneros, Francisco,
Fechas asociadas al nombre 1436-1517-
Subdivisión de forma Correspondencia
Fuente del encabezamiento o término
9 (RLIN) 159941
651 #4 - PUNTO DE ACCESO ADICIONAL DE MATERIA--NOMBRE GEOGRÁFICO
Nombre geográfico España-
Subdivisión general Historia-
Subdivisión cronológica 1516-1556, Carlos I.
9 (RLIN) 8224
700 1# - ENTRADA AGREGADA--NOMBRE PERSONAL
Nombre de persona Fuente, Vicente de la,
Fechas asociadas al nombre 1817-1889
9 (RLIN) 52857
752 ## - ENTRADA AGREGADA--NOMBRE JERÁRQUICO DEL LUGAR
País o entidad superior España -
Ciudad Madrid
852 ## - LOCALIZACIÓN
Ubicación ES-MaACL
Número de control de estantería C-141
Nota libre - Enc. hol.
856 ## - LOCALIZACIÓN Y ACCESO ELECTRÓNICOS
Identificador Uniforme de Recursos <a href="http://bdh-rd.bne.es/viewer.vm?id=0000108809&page=1 ">http://bdh-rd.bne.es/viewer.vm?id=0000108809&page=1 </a>
Nota pública Biblioteca Digital Hispánica
Holdings
Estatus retirado Estado de pérdida Estado de daño No para préstamo Colección Biblioteca de origen Biblioteca actual Ubicación en estantería Fecha de adquisición Fuente de adquisición Total de préstamos Signatura topográfica completa Código de barras Visto por última vez Precio de reemplazo Tipo de ítem Koha
        Colección digital Biblioteca del Ateneo de Madrid Biblioteca del Ateneo de Madrid Sala Palomar 17/01/2008     C-141 1159824 23/02/2023 23/02/2023 Libro impreso antiguo